000 01150nam2a22002531 4500
001 v19\rc\1522447
005 20250618172225.0
035 _a(NLR Aleph) 004644473
090 _a3338740
_c3338740
100 _a20060620d1886 |||y0rusy50 ca
101 0 _arus
102 _aRU
105 _ay z |||||
200 0 _aза 1885 г. сравнительно с десятилетием 1875-1884 гг.
210 _d1886
_aБ. м.
215 _a[2], 4, 5 с.
461 0 _1001v19\rc\1522446
_12001#$aГлавные результаты деятельности железных дорог...$vза 1885 г. сравнительно с десятилетием 1875-1884 гг.
_93338732
_cСанкт-Петербург
_d1886-1887
_nСтат. отд. М-ва путей сообщения
_tГлавные результаты деятельности железных дорог...
_vза 1885 г. сравнительно с десятилетием 1875-1884 гг.
801 0 _aRU
_bNLR
_gpsbo
801 0 _aRU
_bRuMoRGB
_2psbo
801 1 _aRU
_bProSoft-M
_2rusmarc
852 _aNLR
_j18.218.1.41
899 _aRuMoRGB
_jA 149/66
942 _cBOOK
980 _aNB